| 000 | 01829cam a22005054i 4500 | ||
|---|---|---|---|
| 003 | PE-LiUPU | ||
| 005 | 20250731165555.0 | ||
| 008 | 150625s2004 mx a rb 000 0 spa d | ||
| 020 | _a9682470110 | ||
| 020 | _a9789682470110 | ||
| 035 | _a(Sirsi) i9789682470110 | ||
| 040 |
_aPE-LiUPU _bspa _cPE-LiUPU _dPE-LiUPU _erda |
||
| 049 | _aPRUA | ||
| 082 | 0 | 4 |
_a001.42 _bM26 _221 |
| 100 | 1 |
_aMartínez Miguélez, Miguel, _eautor. |
|
| 245 | 1 | 0 |
_aCiencia y arte en la metodología cualitativa / _cMiguel Martínez Miguélez. |
| 264 | 1 |
_aMéxico : _bTrillas, _c2004. |
|
| 300 |
_a350 páginas : _bilustraciones ; _c23 centímetros |
||
| 336 |
_atext _2rdacontent |
||
| 337 |
_aunmediated _2rdamedia |
||
| 338 |
_avolume _2rdacarrier |
||
| 504 | _aIncluye referencia bibliográficas. | ||
| 505 | 0 | _aFundamentación epistemológica de la metodología cualitativa -- Práctica de la metodología cualitativa -- Procesos de teorización. | |
| 526 | _aSEG44 | ||
| 526 | _aSEG26 | ||
| 526 | _aP151 | ||
| 526 | _aP150 | ||
| 526 | _aP149 | ||
| 526 | _aP146 | ||
| 526 | _aP145 | ||
| 526 | _aP126 | ||
| 526 | _aP125 | ||
| 526 | _aP92 | ||
| 526 | _aP75 | ||
| 526 | _aP74 | ||
| 526 | _aP27 | ||
| 526 | _aP15 | ||
| 650 | 0 | 4 |
_aInvestigación _xMetodología. |
| 942 |
_2ddc _cBOOK |
||
| 949 |
_a001.42 M26 _wDEWEY _c1 _i53911 _d2016-8-24 _e2016-8-23 _lCCODEBUL1 _mBUL _n1 _p15.00 _r0 _sY _tBOOK _u2015-6-25 _xFCE _zUNKNOWN _0COMPRA _o.STAFF. Colección Ciencias Empresariales |
||
| 994 |
_aC0 _bPEPRU |
||
| 596 | _a1 | ||
| 999 |
_a001.42 M26 _wDEWEY _c43993 _i53911 _d43993 _e2016-8-23 _f2021-11-4 _g8 _lCCODEBUL1 _mBUL _n1 _p15.00 _r0 _sY _tBOOK _u2015-6-25 _xBIBLIOTECA _PP08 _0COMPRA _o.STAFF. Colección Ciencias Empresariales |
||
| 980 |
_81 _gALBERTO SANCHEZ Responsable de Automatización |
||